Daily Capital City Riddle #25 - Statistics

General Stats
  • This quiz has been taken 59 times
  • The average score is 27 of 32
Answer Stats
Type Answer % Correct
Found Letter A
100%
Alphabet Letter I
100%
Alphabet Letter S
100%
Alphabet Letter N
98%
Alphabet Letter O
98%
Alphabet Letter D
96%
Alphabet Letter T
96%
Alphabet Letter C
92%
Alphabet Letter L
92%
Alphabet Letter M
92%
Alphabet Letter R
92%
Found Letter U
92%
Alphabet Letter E
90%
Alphabet Letter G
90%
Alphabet Letter P
90%
Alphabet Letter W
90%
Alphabet Letter K
88%
Found Letter B
86%
Alphabet Letter Y
86%
Correctly Placed Letter A
82%
Alphabet Letter H
82%
Alphabet Letter V
82%
Correctly Placed Letter A
76%
Found Letter J
76%
Alphabet Letter X
76%
Alphabet Letter Z
76%
Alphabet Letter Q
73%
Alphabet Letter F
69%
Correctly Placed Letter J
69%
Correctly Placed Letter U
69%
Mystery Capital Abuja
67%
Correctly Placed Letter B
67%
No matching quizzes found
Score Distribution
Percent of People with Each Score
Percentile by Number Answered
Your Score History
You have not taken this quiz